| 000 | 00691nam a2200169 i 4500 | ||
|---|---|---|---|
| 001 | 61573 | ||
| 003 | ES-MaACL | ||
| 005 | 20230906164505.0 | ||
| 007 | t| | ||
| 008 | 031112s1977 sp ||||1| spa d | ||
| 245 | 0 | 0 |
_aExplicación en las Ciencias _b: coloquio de la Academia Internacional de Filosofía de las Ciencias con la asistencia del Centro Internacional de Epistemología Genética : (Ginebra, 25-29 septiembre, 1970) / _cApostel...[et al.] ; [Traducción de Josep Dalmau Ferrán]. |
| 260 |
_a[Barcelona] : _bMartínez Roca, _c[1977] |
||
| 300 |
_a222 p. ; _c20 cm. |
||
| 700 | 1 |
_aDalmau Ferrán, Josep. _942523 |
|
| 700 | 1 |
_aApostel. _922103 |
|
| 852 |
_aES-MaACL _jA-7447 _bR.96776 |
||
| 999 |
_c61573 _d61573 |
||